Innovation, technologie et finance /
Đã lưu trong:
| Tác giả chính: | |
|---|---|
| Tác giả khác: | |
| Định dạng: | Texto |
| Được phát hành: |
Oxford:
Banque Européenne d'Investissement
|
| Các nhãn: |
Thêm thẻ
Không có thẻ, Là người đầu tiên thẻ bản ghi này!
|
MARC
| LEADER | 00000 a a2200000 04500 | ||
|---|---|---|---|
| 001 | 22407 | ||
| 003 | |||
| 040 | |||
| 090 | |a 152800 | ||
| 100 | |a Artus, Patrick | ||
| 245 | |a Innovation, technologie et finance / |c Patrick Artus | ||
| 260 | |a Oxford: |b Banque Européenne d'Investissement | ||
| 300 | |a 199 p |b **no definido** |b fonodiscos | ||
| 700 | |a Berges, Angel |a Boissieu, Christian De |a Dosi, Giovanni |a Freeman, Chris |a Heertje, Arnold |a ed. |a Kneeshaw, John |a Mayer, Helmut |a Orsenigo, Luigi |a Prakke, Frits |a Viñals, José | ||
| 999 | |c 7994 |d 7994 | ||
